00664 2200277 4500001002100000005001700021008004100038020001800079035002500097082000800122090001500130100001600145245002400161250001100185260003100196300002100227650002000248850001200268990001500280990001500295990001500310990001500325990001500340990001600355990001500371YOGYA-0209000006956620150316131822.0 ind  a979-413-694-8 a0010-020900000069566 a813 a813bHer E aHERESTUSIWI aEurekacHerestusiwi aCet. 1 aYogyakartabKanisiusc1991 a147 hlm.c19 cm. aFiksi Indonesia aYOPDYOG a37138-P/93 a37139-P/93 a68759-P/95 a88111-P/96 a88113-P/96 a103735-P/98 a88113-P/96